[Event "HUN-ch U10/14"]
[Site "Buek"]
[Date "2023.06.25"]
[Round "9"]
[White "Golya, Mate"]
[Black "Csernyik, Mark"]
[Result "0-1"]
[WhiteElo "1461"]
[BlackElo "2049"]
[PlyCount "78"]
[EventDate "2023.06.17"]
[EventType "swiss"]
[EventRounds "9"]
[EventCountry "HUN"]
[SourceTitle "CBM 215 Extra"]
[Source "ChessBase"]
[SourceDate "2023.09.30"]
[SourceVersion "1"]
[SourceVersionDate "2023.09.30"]
[SourceQuality "1"]

1. e4 b6 2. d4 Bb7 3. Nc3 e6 4. Bd3 Bb4 5. Nge2 Ne7 6. 0-0 0-0 7. d5 Bxc3 8. Nxc3 e5 9. Qg4 Ng6 10. f4 exf4 11. Bxf4 d6 12. Rf3 Nd7 13. Rg3 Bc8 14. Rf1 Nde5 15. Qe2 Qe7 16. Nd1 Bd7 17. Ne3 Nxd3 18. cxd3 f5 19. Bg5 Qe5 20. Nc4 Qe8 21. h4 f4 22. Rg4 Bxg4 23. Qxg4 Ne5 24. Nxe5 Qxe5 25. h5 Qd4+ 26. Kh2 Qxd3 27. Rf3 Qxe4 28. h6 Qf5 29. Rxf4 Qxg4 30. Rxg4 g6 31. Bd2 Rf5 32. Rc4 Rc8 33. Re4 Re5 34. Ra4 Rxd5 35. Bc3 a5 36. Re4 Kf7 37. g4 Re8 38. Rf4+ Ke7 39. Bf6+ Kd7 0-1

[Event "HUN-ch U10/14"]
[Site "Buek"]
[Date "2023.06.24"]
[Round "8"]
[White "Toth, Barnabas1111"]
[Black "Golya, Mate"]
[Result "1-0"]
[WhiteElo "2057"]
[BlackElo "1461"]
[PlyCount "51"]
[EventDate "2023.06.17"]
[EventType "swiss"]
[EventRounds "9"]
[EventCountry "HUN"]
[SourceTitle "CBM 215 Extra"]
[Source "ChessBase"]
[SourceDate "2023.09.30"]
[SourceVersion "1"]
[SourceVersionDate "2023.09.30"]
[SourceQuality "1"]

1. d4 Nf6 2. Nf3 g6 3. g3 Bg7 4. Bg2 0-0 5. 0-0 d5 6. c4 c6 7. Qb3 a5 8. Rd1 dxc4 9. Qxc4 Be6 10. Qc2 Na6 11. Nc3 Nb4 12. Qb1 Ng4 13. a3 Nd5 14. e4 Nxc3 15. bxc3 b5 16. Bf4 a4 17. h3 Nf6 18. Ne5 Rc8 19. Nd3 Bb3 20. Rd2 Qa5 21. Qb2 c5 22. Be3 c4 23. Nb4 Qc7 24. e5 Ne8 25. f4 f5 26. d5 1-0

[Event "HUN-ch U10/14"]
[Site "Buek"]
[Date "2023.06.22"]
[Round "6"]
[White "Gyorfi, Adam"]
[Black "Golya, Mate"]
[Result "1-0"]
[WhiteElo "1818"]
[BlackElo "1461"]
[PlyCount "43"]
[EventDate "2023.06.17"]
[EventType "swiss"]
[EventRounds "9"]
[EventCountry "HUN"]
[SourceTitle "CBM 215 Extra"]
[Source "ChessBase"]
[SourceDate "2023.09.30"]
[SourceVersion "1"]
[SourceVersionDate "2023.09.30"]
[SourceQuality "1"]

1. d4 d5 2. Nf3 Nf6 3. g3 g6 4. Bg2 Bg7 5. 0-0 0-0 6. c4 c6 7. Nc3 Bg4 8. cxd5 cxd5 9. Qb3 Nc6 10. Qxb7 Bxf3 11. Qxc6 Bxg2 12. Kxg2 e6 13. e3 Nh5 14. Bd2 Qg5 15. Rac1 Rab8 16. b3 Nf6 17. Qa6 h5 18. Qxa7 h4 19. Qa6 Ng4 20. Qe2 hxg3 21. hxg3 Bf6 22. e4 1-0

[Event "HUN-ch U10/14"]
[Site "Buek"]
[Date "2023.06.20"]
[Round "2"]
[White "Golya, Mate"]
[Black "Kovacs, Kristof"]
[Result "0-1"]
[WhiteElo "1461"]
[BlackElo "2013"]
[PlyCount "50"]
[EventDate "2023.06.17"]
[EventType "swiss"]
[EventRounds "9"]
[EventCountry "HUN"]
[SourceTitle "CBM 215 Extra"]
[Source "ChessBase"]
[SourceDate "2023.09.30"]
[SourceVersion "1"]
[SourceVersionDate "2023.09.30"]
[SourceQuality "1"]

1. e4 e5 2. Nf3 Nc6 3. Bc4 Nf6 4. Ng5 d5 5. exd5 Na5 6. Bb5+ c6 7. dxc6 bxc6 8. Be2 h6 9. Nf3 e4 10. Ne5 Qd4 11. f4 Bc5 12. Rf1 Qd8 13. c3 Nd5 14. b4 Qh4+ 15. g3 Qxh2 16. bxc5 Qxg3+ 17. Rf2 Nxf4 18. Qa4 Ng2+ 19. Kf1 Qxe5 20. Kxg2 h5 21. d4 exd3 22. Bxd3 Be6 23. c4 Rd8 24. Qxa5 Rxd3 25. Bf4 Qe4+ 0-1

[Event "HUN-ch U10/14"]
[Site "Buek"]
[Date "2023.06.19"]
[Round "1"]
[White "Varga, Boldizsar"]
[Black "Golya, Mate"]
[Result "1-0"]
[WhiteElo "1992"]
[BlackElo "1461"]
[PlyCount "87"]
[EventDate "2023.06.17"]
[EventType "swiss"]
[EventRounds "9"]
[EventCountry "HUN"]
[SourceTitle "CBM 215 Extra"]
[Source "ChessBase"]
[SourceDate "2023.09.30"]
[SourceVersion "1"]
[SourceVersionDate "2023.09.30"]
[SourceQuality "1"]

1. Nf3 d5 2. g3 Nf6 3. Bg2 g6 4. b3 Bg7 5. Bb2 Bf5 6. 0-0 0-0 7. d3 Nc6 8. Nbd2 d4 9. Nc4 Nd5 10. Re1 b5 11. Na3 b4 12. Nc4 Rb8 13. Qc1 Nc3 14. Bxc3 dxc3 15. e3 Be6 16. Rd1 Bxc4 17. dxc4 Qc8 18. Nd4 Nxd4 19. exd4 c5 20. dxc5 Qxc5 21. Rd5 Qb6 22. a3 bxa3 23. Qxa3 Bd4 24. Rf1 e5 25. Rb5 Qf6 26. Rxb8 Rxb8 27. Qa4 Qf5 28. b4 e4 29. c5 e3 30. fxe3 Bxe3+ 31. Kh1 Qe6 32. Qxa7 Rxb4 33. Qa8+ Kg7 34. Bd5 Rb8 35. Bxe6 Rxa8 36. Rxf7+ Kh6 37. c6 Ra1+ 38. Kg2 Rg1+ 39. Kh3 Bb6 40. c7 Bxc7 41. Rxc7 Re1 42. Bg8 g5 43. Bxh7 Re2 44. Bd3 1-0